| 000 | 00733cam a22002653a 4500 | ||
|---|---|---|---|
| 001 | 22189 | ||
| 003 | PGUSA | ||
| 005 | 20140828083455.0 | ||
| 008 | 070801s2007||||xxu|||||s|||||000 | eng d | ||
| 040 |
_aPGUSA _beng |
||
| 042 | _adc | ||
| 050 | 4 | _aBV | |
| 100 | 1 |
_aTrotter, I. Lilias _q(Isabella Lilias), _d1853-1928 |
|
| 245 | 1 | 0 |
_aParables of the Cross _h[electronic resource] / _cI. Lilias Trotter |
| 260 |
_bProject Gutenberg, _c2007 |
||
| 506 | _aPublic domain in the USA. | ||
| 516 | _aElectronic text | ||
| 653 | _aHoly Cross | ||
| 653 | _aParables | ||
| 653 | _aDevotional literature | ||
| 653 | _aSalvation | ||
| 830 | 0 |
_aProject Gutenberg _v22189 |
|
| 856 | 4 | 0 | _uhttp://www.gutenberg.org/ebooks/22189 |
| 942 | _cEB | ||
| 999 |
_c251444 _d251444 |
||